| 000 | 00774nam a2200193 4500 | ||
|---|---|---|---|
| 001 | 111459 | ||
| 003 | ES-MaACL | ||
| 005 | 20250811063142.0 | ||
| 007 | t| | ||
| 008 | 061121s1946 po r ||||1| spa d | ||
| 100 | 1 |
_aSalazar, Antonio de Oliveira, _d1889-1970 _9101802 |
|
| 245 | 1 | 0 |
_aEn la encrucijada / _cAntonio de Oliveira Salazar. |
| 260 |
_aLisboa : _bSecretariado Nacional de la Información, _c1946. |
||
| 300 |
_a21 p. ; _c22 cm. |
||
| 500 | _aDiscruso del presidente del Consejo de Ministros Sr. Oliveira Salazar, en la sesión de apertura de la primera conferencia de la Unión Nacional el 9 de Noviembre de 1946. | ||
| 710 | 2 |
_aSecretariado Nacional de la Información. _96533 |
|
| 852 |
_aES-MaACL _j1896-F-20 _bR.27145 |
||
| 999 |
_c111459 _d111459 |
||